000
00228 a2200097 4500
001
3652
100
_a
Ikhtiar ul Mulk S M
245
_a
Pakistan: statistical year book:1965-66
260
_a
_b
C S Office
_c
090
_c
2914
_d
2914
942
_a
NUST-CAE
_c
M
_c
21269
999
_c
238725
_d
238725